| 000 | 00701nam a22002057a 4500 | ||
|---|---|---|---|
| 005 | 20180831150555.0 | ||
| 010 | _aENG-123847 | ||
| 020 |
_a9788189762582 _c250.00 |
||
| 035 | _aEN-107379 | ||
| 037 | _bDBAD/PUB | ||
| 082 | _a302.2309545 | ||
| 245 |
_aPenning for peace : _ced.by Melvil Pereira [and] Bhaswati Borgohain _bmedia, conflict and the northeast / |
||
| 260 |
_aNew Delhi _c2016 _bNorth Eastern Social Research Centre |
||
| 270 |
_bNew Delhi _a10, Institutional Area, Lodhi Road, _e110003 |
||
| 300 |
_a223p. _c22(pbk.) |
||
| 490 | _aNESRC Peace Studies Series -10 | ||
| 700 | _aPereira, Melvil | ||
| 700 | _aBorgohain, Bhaswati | ||
| 942 |
_2ddc _cEN _h302.2309545 _mPEN |
||
| 999 |
_c156109 _d156109 |
||